Ugyanannyi taxi több utast szállít a szerződéses taxi hat hónapja /

Elmentve itt :
Bibliográfiai részletek
Szerző: Kondorosi János
Dokumentumtípus: Cikk
Megjelent: 1969-11-15
Sorozat:Délmagyarország 59 No. 265
Kulcsszavak:Taxi Szeged 1969, taxi
Online Access:http://dmarchiv.bibl.u-szeged.hu/69592
LEADER 00507nab a2200157 i 4500
001 delm69592
005 20180927153657.0
008 180927s1969 hu o 0|| hun d
040 |a SZTE Délmagyarország Archívum  |b hun 
041 |a hun 
100 1 |a Kondorosi János 
245 1 0 |a Ugyanannyi taxi több utast szállít   |h [elektronikus dokumentum] :  |b a szerződéses taxi hat hónapja /  |c  Kondorosi János 
260 |c 1969-11-15 
300 |a 5 
490 0 |a Délmagyarország  |v 59 No. 265 
695 |a Taxi Szeged 1969, taxi